| 000 | 00923nam a22001337a 4500 | ||
|---|---|---|---|
| 040 | _cRUA | ||
| 082 | _aAGR NOV 2015 B519 Or.1 | ||
| 100 | _aNOV KARUNA; នៅ ករុណា | ||
| 245 | _aEffective of different rates of nitrogen with phosporous 30kg and potassium 15kg on phkarumduol rice variety on prateahlang soil at tramkok district, takeo province; ប្រសិទ្ធភាពបរិមាណជីអាសូតខុសៗគ្នាផ្សំជាមួយផូស្វ័រ៣០គីឡូក្រាម និងប៉ូតាស្យូម ទៅលើទិន្នផលពូជស្រូវផ្ការំដួល ក្នុងលក្ខខណ្ឌដីប្រទះឡាង នៅស្រុកត្រាំកក់ ខេត្តតាកែវ | ||
| 260 |
_aPhnom Penh _bRUA _c2015 |
||
| 300 |
_axi; 56p; _bill; _c29cm; |
||
| 856 | _uNOV KARUNA | ||
| 942 | _cAGR | ||
| 999 |
_c10734 _d10734 |
||